Constructions Métalliques
Salvato in:
| Enti autori: | , |
|---|---|
| Natura: | Libro |
| Lingua: | francese |
| Pubblicazione: |
París
A. Gentil
1893
|
| Edizione: | 1a. ed |
| Soggetti: | |
| Tags: |
Aggiungi Tag
Nessun Tag, puoi essere il primo ad aggiungerne!!
|
MARC
| LEADER | 00000nam a2200000 a 4500 | ||
|---|---|---|---|
| 001 | UCJ8371 | ||
| 003 | CL-VaPUC | ||
| 008 | 070124e18930000FR |||||||||||||||||fre|d | ||
| 082 | 0 | 4 | |a 624 |b SCH |2 21 |
| 110 | 2 | |a Schneider et Cie |e author |9 517161 | |
| 710 | 2 | |a Usines du Creusot |e author |9 517162 | |
| 245 | 1 | 0 | |a Constructions Métalliques |
| 246 | 1 | 0 | |a Ponts & Charpentes |
| 250 | |a 1a. ed | ||
| 300 | |a 80 p | ||
| 942 | |c BK | ||
| 945 | |d 20070124 00:00:00 |a rinostro | ||
| 260 | |a París |b A. Gentil |c 1893 | ||
| 500 | |a Formato .47x.30 m | ||
| 650 | 0 | |a Ingeniería civil |9 260076 | |
| 650 | 0 | |a Puentes |9 268175 | |
| 650 | 0 | |a Estructuras metálicas |9 265870 | |
| 583 | |a last modification |c 20070124 00:00:00 |k Rodrigo Vera | ||
| 999 | |c 324125 |d 324123 | ||
| 952 | |0 0 |1 0 |4 0 |6 624_000000000000000_SCH_1893 |7 0 |8 X |9 404062 |a FDOBUD |b FDOBUD |d 2019-11-22 |i 1077120 |o 624 SCH 1893 |p 1077120 |r 2019-11-22 |w 2019-11-22 |y BK_X |k BUD | ||